Normal view
MARC view
Entry Personal Name
001 - CONTROL NUMBER
- control field: 33853
003 - CONTROL NUMBER IDENTIFIER
- control field: dpl
005 - DATE AND TIME OF LATEST TRANSACTION
- control field: 20110829113447.0
008 - FIXED-LENGTH DATA ELEMENTS
- fixed length control field: 110829|||a|||||| | ||| d
040 ## - CATALOGING SOURCE
- Original cataloging agency: dpl
- Transcribing agency: dpl
100 ## - HEADING--PERSONAL NAME
- Personal name: गुप्ता, सुमन
670 ## - SOURCE DATA FOUND
- Source citation: Work cat.: (dpl): जगदीश चन्द 33818, शिक्षा के सिद्धान्त एवं शिक्षण विधियाँ /, 2010
670 ## - SOURCE DATA FOUND
- Source citation: Work cat.: (dpl): जगदीश चन्द 33818, शिक्षा के सिद्धान्त एवं शिक्षण विधियाँ /, 2010
